Biggest Losers in US Presidential Elections (Popular Vote) - Statistics

General Stats
  • This quiz has been taken 274 times
  • The average score is 9 of 12
Answer Stats
Vote Margin Year Answer % Correct
8,423,115 1980 Jimmy Carter
93%
9,550,193 2008 John McCain
91%
16,878,120 1984 Walter Mondale
89%
8,291,370 1996 Bob Dole
85%
7,077,121 1988 Michael Dukakis
82%
7,060,023 1932 Herbert Hoover
80%
17,995,488 1972 George McGovern
79%
15,951,287 1964 Barry Goldwater
78%
9,551,152 1956 Adlai Stevenson
69%
11,070,786 1936 Alf Landon
55%
7,004,432 1920 James Cox
35%
7,337,547 1924 John Davis
32%
No matching quizzes found
Score Distribution
Percent of People with Each Score
Percentile by Number Answered
Your Score History
You have not taken this quiz